[Event "Forchheim - Luebeck"]
[Site "BL 0203"]
[Date "2002.10.19"]
[Round "1.6"]
[White "Zwanzger, Johannes"]
[Black "Conquest, Stuart"]
[Result "0-1"]
[WhiteElo "2268"]
[BlackElo "2537"]
[PlyCount "76"]
[EventDate "2002.??.??"]

1. e4 c6 2. d4 d5 3. Nc3 dxe4 4. Nxe4 Nd7 5. Nf3 Ngf6 6. Neg5 h6 7. Nh3 g5 8.
Nhg1 Bg7 9. Bd3 c5 10. dxc5 Nxc5 11. Bb5+ Nfd7 12. Nd4 a6 13. Be2 Nb6 14. c3 e5
15. Nb3 Qxd1+ 16. Bxd1 Nd3+ 17. Ke2 Bg4+ 18. f3 Bf5 19. Bc2 Nf4+ 20. Bxf4 Bxc2
21. Be3 Nc4 22. h4 O-O-O 23. hxg5 hxg5 24. Rxh8 Bxh8 25. Bxg5 Rg8 26. Nh3 f6
27. Bh4 Rxg2+ 28. Nf2 Nxb2 29. Kf1 Rh2 30. Bg3 Rh7 31. Re1 Nc4 32. Kg2 f5 33.
Nc5 f4 34. Bh2 Ne3+ 35. Kg1 Bf6 36. Nce4 Bh4 37. Re2 Rd7 38. Ng4 Rd1+ 0-1

[Event "Forchheim - Luebeck"]
[Site "BL 0203"]
[Date "2002.10.19"]
[Round "1.7"]
[White "Hector, Jonny"]
[Black "Niedermaier, Hans"]
[Result "0-1"]
[WhiteElo "2590"]
[BlackElo "2271"]
[PlyCount "74"]
[EventDate "2002.??.??"]

1. e4 e5 2. f4 exf4 3. Nf3 d6 4. d4 g5 5. h4 g4 6. Ng1 Nf6 7. Nc3 d5 8. Bxf4
Nxe4 9. Nxe4 dxe4 10. Bc4 Nc6 11. c3 Na5 12. Bb5+ c6 13. Be2 Bd6 14. g3 Bxf4
15. gxf4 Qf6 16. Qd2 Be6 17. Qe3 O-O-O 18. b3 Kb8 19. O-O-O h5 20. Kb2 Qg6 21.
c4 b6 22. Rh2 f5 23. Bf1 Qf6 24. Qc3 Rd7 25. Rhd2 Rhd8 26. Ne2 Nb7 27. a4 Bf7
28. b4 c5 29. Kc2 cxb4 30. Qxb4 Bxc4 31. d5 Bd3+ 32. Rxd3 exd3+ 33. Rxd3 Nc5
34. Rd1 Rxd5 35. Rxd5 Rxd5 36. Bg2 Rd8 37. Nc3 Qd4 0-1

[Event "Forchheim - Luebeck"]
[Site "BL 0203"]
[Date "2002.10.19"]
[Round "1.8"]
[White "Doeres, Hans-Juergen"]
[Black "DeFirmian, Nick E"]
[Result "0-1"]
[WhiteElo "2271"]
[BlackElo "2534"]
[PlyCount "82"]
[EventDate "2002.??.??"]

1. d4 Nf6 2. Bf4 b6 3. e3 Bb7 4. h3 g6 5. Nf3 Bg7 6. c3 O-O 7. Nbd2 c5 8. Bd3
d6 9. O-O Nbd7 10. Qe2 Qc7 11. Bh2 e5 12. dxe5 Nxe5 13. Nxe5 dxe5 14. Ba6 Bc6
15. Bb5 Bxb5 16. Qxb5 Rfd8 17. Rfd1 Ne8 18. Qb3 Nd6 19. Nf3 c4 20. Qc2 f6 21.
Rd5 Nb7 22. Rad1 Nc5 23. Ne1 Nd3 24. Rxd8+ Rxd8 25. Nxd3 Qd7 26. e4 cxd3 27.
Qb3+ Kh8 28. a4 Bh6 29. Qb5 Qd6 30. Bg3 Kg7 31. f3 Be3+ 32. Bf2 Bxf2+ 33. Kxf2
f5 34. Qc4 a6 35. Rd2 b5 36. axb5 Qb6+ 37. Kf1 axb5 38. Qb4 Rd7 39. c4 Qe3 40.
Qxb5 Ra7 41. Qxe5+ Kh6 0-1

[Event "Tegernsee - Hamburg"]
[Site "BL 0203"]
[Date "2002.10.19"]
[Round "1.1"]
[White "Ftacnik, Lubomir"]
[Black "Khenkin, Igor"]
[Result "1-0"]
[WhiteElo "2603"]
[BlackElo "2603"]
[PlyCount "78"]
[EventDate "2002.??.??"]

1. d4 d5 2. c4 e6 3. Nf3 c6 4. Nbd2 Nf6 5. g3 c5 6. Bg2 Nc6 7. cxd5 exd5 8. O-O
Be7 9. dxc5 Bxc5 10. Nb3 Bb6 11. Qd3 O-O 12. Be3 Bxe3 13. Qxe3 Re8 14. Qd3 Qb6
15. e3 Bg4 16. Nbd4 Ne4 17. Qb3 Qxb3 18. Nxb3 Rac8 19. Nfd4 Bd7 20. Rfc1 Ne5
21. Bxe4 Rxc1+ 22. Rxc1 dxe4 23. Nc5 Bh3 24. Nxe4 Nd3 25. Rc3 Nxb2 26. Nd6 Rb8
27. Rb3 Rd8 28. Rxb7 h6 29. N6b5 a5 30. Na7 Nc4 31. Nac6 Rd6 32. Rb5 a4 33. Rb4
Nd2 34. f3 a3 35. Kf2 h5 36. Ne5 Rd5 37. Nd3 g5 38. Ke2 Nf1 39. Nf2 Re5 1-0

[Event "Tegernsee - Hamburg"]
[Site "BL 0203"]
[Date "2002.10.19"]
[Round "1.2"]
[White "Sokolov, Andrei"]
[Black "Kempinski, Robert"]
[Result "1/2-1/2"]
[WhiteElo "2587"]
[BlackElo "2532"]
[PlyCount "108"]
[EventDate "2002.??.??"]

1. e4 c5 2. Nf3 d6 3. d4 cxd4 4. Nxd4 Nf6 5. Nc3 a6 6. Be2 e6 7. O-O Be7 8. f4
Qc7 9. Kh1 Nc6 10. a4 O-O 11. Be3 Re8 12. Bg1 Na5 13. Qd3 e5 14. fxe5 dxe5 15.
Qg3 Bd8 16. Nf5 Bxf5 17. Rxf5 Rc8 18. Raf1 Qd6 19. Be3 Kh8 20. Bd3 Nc4 21. Bc1
Qe6 22. R5f2 Nd6 23. Re2 Ba5 24. Nd1 Nd7 25. Ne3 g6 26. Ng4 f5 27. exf5 gxf5
28. Nh6 Rf8 29. Qh3 e4 30. c3 Ne5 31. Bc2 Qc4 32. Ree1 Qe6 33. Bf4 Rce8 34.
Bxe4 Nxe4 35. Rxe4 fxe4 36. Qxe6 Rxe6 37. Bxe5+ Rxe5 38. Rxf8+ Kg7 39. Rf5 Bc7
40. Rxe5 Bxe5 41. Ng4 Bf4 42. Kg1 Kg6 43. Kf2 Bc1 44. b3 Bd2 45. c4 Kf5 46.
Ne3+ Ke5 47. Ke2 Bc1 48. Nd5 Bg5 49. g3 Kd4 50. h3 Bd8 51. h4 h6 52. Kd2 Ba5+
53. Ke2 Bd8 54. Kd2 Ba5+ 1/2-1/2

[Event "Tegernsee - Hamburg"]
[Site "BL 0203"]
[Date "2002.10.19"]
[Round "1.4"]
[White "Boensch, Uwe"]
[Black "Berg, Emanuel"]
[Result "1-0"]
[WhiteElo "2540"]
[BlackElo "2535"]
[PlyCount "63"]
[EventDate "2002.??.??"]

1. d4 e6 2. c4 Nf6 3. Nf3 Bb4+ 4. Bd2 c5 5. Bxb4 cxb4 6. a3 bxa3 7. Rxa3 O-O 8.
e3 d6 9. b4 a5 10. Be2 Nc6 11. bxa5 Nxa5 12. O-O b6 13. Nbd2 Ba6 14. Qb1 Rc8
15. Rc1 Rc6 16. Nb3 Nxb3 17. Qxb3 Qc8 18. h3 Nd7 19. d5 exd5 20. Nd4 Rc5 21.
Bg4 Bxc4 22. Qb2 g6 23. Rca1 Rc7 24. Ne6 d4 25. Nxc7 f5 26. Bf3 Qxc7 27. Ra7
Qd8 28. Qxd4 Ne5 29. Bd5+ Bxd5 30. Qxd5+ Nf7 31. Rxf7 Rxf7 32. Ra8 1-0

[Event "Tegernsee - Hamburg"]
[Site "BL 0203"]
[Date "2002.10.19"]
[Round "1.5"]
[White "Hansen, Sune Berg"]
[Black "Teske, Henrik"]
[Result "1/2-1/2"]
[WhiteElo "2555"]
[BlackElo "2527"]
[PlyCount "36"]
[EventDate "2002.??.??"]

1. e4 c5 2. Nf3 Nc6 3. Bb5 e5 4. O-O Nge7 5. c3 g6 6. d4 cxd4 7. cxd4 exd4 8.
Bf4 Bg7 9. Bd6 O-O 10. Na3 a6 11. Ba4 b5 12. Bb3 Na5 13. Rc1 Nxb3 14. Qxb3 Bb7
15. Rfe1 Re8 16. Bc7 Qc8 17. Bd6 Qd8 18. Bc7 Qc8 1/2-1/2

[Event "Tegernsee - Hamburg"]
[Site "BL 0203"]
[Date "2002.10.19"]
[Round "1.6"]
[White "Hertneck, Gerald"]
[Black "Wahls, Matthias"]
[Result "1/2-1/2"]
[WhiteElo "2502"]
[BlackElo "2539"]
[PlyCount "106"]
[EventDate "2002.??.??"]

1. d4 Nf6 2. c4 e6 3. g3 Bb4+ 4. Bd2 c5 5. Bxb4 cxb4 6. Bg2 O-O 7. e4 d6 8. Ne2
e5 9. O-O Qb6 10. Qd3 Nc6 11. d5 Nb8 12. a3 Na6 13. axb4 Qxb4 14. Nd2 Bd7 15.
h3 Nc5 16. Qe3 a5 17. f4 Rfe8 18. b3 a4 19. bxa4 Rxa4 20. Rxa4 Bxa4 21. fxe5
Rxe5 22. Nd4 Bd7 23. Rb1 Qa5 24. N4b3 Nxb3 25. Rxb3 b5 26. Ra3 Qb4 27. Ra8+ Re8
28. Rxe8+ Nxe8 29. e5 bxc4 30. e6 Bc8 31. exf7+ Kxf7 32. Qf4+ Kg8 33. Nxc4 Qe1+
34. Kh2 Qe7 35. h4 Bd7 36. Bf3 Bb5 37. Ne3 Bd7 38. Kg2 Nf6 39. g4 h6 40. Nc4
Ne8 41. g5 hxg5 42. hxg5 Qf7 43. Kg3 Qxf4+ 44. Kxf4 Kf7 45. Bh5+ Ke7 46. Bg6
Nc7 47. Ne3 Bc8 48. Be4 Bd7 49. Bf5 Bxf5 50. Nxf5+ Kf7 51. Nxd6+ Kg6 52. Ke5
Nxd5 53. Kxd5 Kxg5 1/2-1/2

[Event "Tegernsee - Hamburg"]
[Site "BL 0203"]
[Date "2002.10.19"]
[Round "1.7"]
[White "Mueller, Karsten"]
[Black "Stangl, Markus"]
[Result "1-0"]
[WhiteElo "2518"]
[BlackElo "2494"]
[PlyCount "63"]
[EventDate "2002.??.??"]

1. e4 c5 2. Nf3 e6 3. d4 cxd4 4. Nxd4 a6 5. Bd3 g6 6. O-O Bg7 7. Be3 Nc6 8.
Nxc6 bxc6 9. Nd2 d5 10. f4 Bxb2 11. Rb1 Bg7 12. f5 d4 13. Bf4 Ne7 14. Nc4 O-O
15. Nb6 Ra7 16. Nxc8 Nxc8 17. fxe6 fxe6 18. Bc4 Kh8 19. Bxe6 Nd6 20. Qg4 Re8
21. e5 Nb5 22. Bg3 Nc7 23. Bh4 Qa8 24. Bd7 Rxe5 25. Bg3 Re3 26. Rf7 c5 27. Bd6
Nb5 28. Bxc5 Re4 29. Qf3 Rc7 30. Bf8 Be5 31. Bh6 Bxh2+ 32. Kh1 1-0

[Event "Tegernsee - Hamburg"]
[Site "BL 0203"]
[Date "2002.10.19"]
[Round "1.8"]
[White "Kachiani-Gersinska, K."]
[Black "Bezold, Michael"]
[Result "1/2-1/2"]
[WhiteElo "2439"]
[BlackElo "2468"]
[PlyCount "83"]
[EventDate "2002.??.??"]

1. d4 Nf6 2. c4 e6 3. g3 c5 4. d5 exd5 5. cxd5 b5 6. Bg2 d6 7. Nf3 Be7 8. O-O
O-O 9. Na3 b4 10. Nc4 Nbd7 11. a3 Nb6 12. Na5 Nbxd5 13. Nc6 Qc7 14. Nxe7+ Qxe7
15. Nh4 Qe6 16. axb4 Bb7 17. bxc5 dxc5 18. Qb3 Qb6 19. Qxb6 axb6 20. Bg5 Rab8
21. Ra7 Bc8 22. e4 Nb4 23. Bf4 Rb7 24. Ra8 Be6 25. Rxf8+ Kxf8 26. Bd6+ Kg8 27.
Ra1 h6 28. e5 Rd7 29. f4 Kh7 30. exf6 Rxd6 31. Be4+ g6 32. f5 gxf5 33. Nxf5 Rd8
34. Ng7+ Kg8 35. Nxe6 fxe6 36. Ra7 Nd5 37. Rg7+ Kf8 38. Bg6 Rd6 39. Rf7+ Kg8
40. Rg7+ Kf8 41. Rf7+ Kg8 42. Rg7+ 1/2-1/2

[Event "Erfurt - Kreuzberg"]
[Site "BL 0203"]
[Date "2002.10.19"]
[Round "1.1"]
[White "Almasi, Zoltan"]
[Black "Luther, Thomas"]
[Result "1/2-1/2"]
[WhiteElo "2672"]
[BlackElo "2538"]
[PlyCount "156"]
[EventDate "2002.??.??"]

1. e4 Nf6 2. e5 Nd5 3. d4 d6 4. Nf3 dxe5 5. Nxe5 c6 6. Be2 Bf5 7. g4 Be6 8. f4
f6 9. Nd3 Bf7 10. O-O Qb6 11. Nf2 e5 12. fxe5 fxe5 13. c4 Nf4 14. c5 Qc7 15.
Bxf4 exf4 16. Nd2 Be7 17. Bc4 O-O 18. Bxf7+ Rxf7 19. Qb3 Nd7 20. Nf3 Raf8 21.
Ne4 Qc8 22. Kh1 Nf6 23. Neg5 Nxg4 24. Nxf7 Rxf7 25. Rae1 Bf6 26. Ne5 Bxe5 27.
dxe5 Qf5 28. e6 Re7 29. Re2 g5 30. Qc4 h6 31. b4 Kg7 32. Qd4+ Kg6 33. Qd6 Qd5+
34. Qxd5 cxd5 35. b5 Ne3 36. Rc1 Kf6 37. c6 bxc6 38. bxc6 Rc7 39. Rb2 Kxe6 40.
Rb7 Kd6 41. Kg1 d4 42. Kf2 d3 43. Rb3 Ng4+ 44. Kf3 Ne5+ 45. Ke4 Ke6 46. Rc5 Ng4
47. Kxd3 Nxh2 48. Rb7 Kd6 49. Rxc7 Kxc7 50. Ke4 Ng4 51. Ra5 Kxc6 52. Rxa7 Kc5
53. Rb7 Nf6+ 54. Kf3 Ne8 55. Rh7 Kb4 56. Rxh6 Nc7 57. Rc6 Nd5 58. Ra6 Nc3 59.
Ra8 Kb5 60. Ra3 Kc4 61. Ra8 Kb4 62. Kg4 Kc4 63. Ra3 Kd3 64. Kf3 Kc4 65. Ra7 Kb4
66. Ra8 Kb5 67. a3 Nd5 68. Ke4 Ne3 69. Ra7 Nc4 70. Kd4 Ne3 71. Ra8 g4 72. Ke4
g3 73. Kxf4 g2 74. Rg8 Nc2 75. Rxg2 Nxa3 76. Ke5 Kc5 77. Ke4 Nb5 78. Rg5+ Kc4
1/2-1/2

[Event "Erfurt - Kreuzberg"]
[Site "BL 0203"]
[Date "2002.10.19"]
[Round "1.3"]
[White "Tischbierek, Raj"]
[Black "Votava, Jan"]
[Result "1-0"]
[WhiteElo "2523"]
[BlackElo "2518"]
[PlyCount "53"]
[EventDate "2002.??.??"]

1. e4 c5 2. Nf3 e6 3. d4 cxd4 4. Nxd4 a6 5. Be2 Nf6 6. Nc3 Bb4 7. Qd3 d6 8. O-O
Nbd7 9. Qg3 Bxc3 10. bxc3 Nxe4 11. Qxg7 Qf6 12. Qxf6 Ndxf6 13. c4 e5 14. Nb3
Rg8 15. Re1 Bh3 16. Bf1 O-O-O 17. f3 Ng5 18. Kf2 Bf5 19. c5 Bxc2 20. cxd6 Rxd6
21. Ba3 Rc6 22. Na5 Rc7 23. Bd6 Rd7 24. Nc4 Kd8 25. Bxe5 Nd5 26. Rac1 Ba4 27.
Nb6 1-0

[Event "Erfurt - Kreuzberg"]
[Site "BL 0203"]
[Date "2002.10.19"]
[Round "1.4"]
[White "Casper, Thomas"]
[Black "Lau, Ralf"]
[Result "1/2-1/2"]
[WhiteElo "2391"]
[BlackElo "2491"]
[PlyCount "31"]
[EventDate "2002.??.??"]

1. e4 d6 2. d4 Nf6 3. Nc3 g6 4. g3 Bg7 5. Bg2 O-O 6. Nge2 c6 7. a4 e5 8. O-O
Na6 9. h3 Re8 10. Be3 exd4 11. Bxd4 Nb4 12. Qd2 d5 13. Rad1 dxe4 14. Nxe4 Nxe4
15. Qxb4 Qe7 16. Qxe7 1/2-1/2

[Event "Erfurt - Kreuzberg"]
[Site "BL 0203"]
[Date "2002.10.19"]
[Round "1.5"]
[White "Maiwald, Jens-Uwe"]
[Black "Paehtz, Thomas"]
[Result "1/2-1/2"]
[WhiteElo "2516"]
[BlackElo "2459"]
[PlyCount "49"]
[EventDate "2002.??.??"]

1. e4 c5 2. Nc3 d6 3. f4 Nc6 4. Nf3 g6 5. Bb5 Bd7 6. Bxc6 Bxc6 7. d3 Bg7 8. O-O
Nf6 9. Qe1 Qc7 10. a3 b6 11. Kh1 h6 12. Bd2 e5 13. b4 cxb4 14. axb4 O-O 15. b5
Bb7 16. fxe5 dxe5 17. Qh4 Nh5 18. Ra4 a6 19. bxa6 Rxa6 20. Rxa6 Bxa6 21. Rb1
Rb8 22. Qe1 Bb7 23. Qc1 Kh7 24. Qb2 Bc6 25. Qb4 1/2-1/2

[Event "Erfurt - Kreuzberg"]
[Site "BL 0203"]
[Date "2002.10.19"]
[Round "1.6"]
[White "Mueller, Matthias"]
[Black "Kalinitschew, Sergey"]
[Result "1/2-1/2"]
[WhiteElo "2403"]
[BlackElo "2485"]
[PlyCount "38"]
[EventDate "2002.??.??"]

1. e4 e5 2. Nf3 Nc6 3. d4 exd4 4. Nxd4 Bc5 5. Be3 Qf6 6. c3 Nge7 7. Bc4 Ne5 8.
Be2 Qg6 9. O-O d6 10. f4 Qxe4 11. Bf2 Bxd4 12. cxd4 N5c6 13. Nc3 Qg6 14. d5 Nb8
15. Bh4 h5 16. Re1 f6 17. Nb5 Na6 18. Rc1 Kd8 19. Qd2 Qf7 1/2-1/2

[Event "Erfurt - Kreuzberg"]
[Site "BL 0203"]
[Date "2002.10.19"]
[Round "1.7"]
[White "Volke, Karsten"]
[Black "Enders, Peter"]
[Result "0-1"]
[WhiteElo "2457"]
[BlackElo "2524"]
[PlyCount "80"]
[EventDate "2002.??.??"]

1. c4 e5 2. g3 g6 3. Bg2 Bg7 4. Nc3 Nc6 5. d3 f5 6. e4 Nge7 7. Nge2 d6 8. O-O
O-O 9. Nd5 h6 10. Nxe7+ Qxe7 11. Be3 Kh7 12. exf5 Bxf5 13. Nc3 Qd7 14. Nd5 Rf7
15. h4 Raf8 16. Kh2 b6 17. Qe2 Nd8 18. Rae1 c6 19. Nc3 Ne6 20. f3 d5 21. cxd5
cxd5 22. Bf2 g5 23. h5 Kh8 24. Nd1 Qb5 25. Qd2 Qxd3 26. Qb4 d4 27. Bg1 Qa6 28.
Nf2 Nc5 29. Ra1 Nd3 30. Qb3 Nxf2 31. Rxf2 Qc8 32. Re1 Rc7 33. Kh1 Be6 34. Qa3
Bd5 35. g4 Rcf7 36. Bh2 e4 37. f4 Qxg4 38. Bxe4 Bxe4+ 39. Rxe4 Qxh5 40. f5 Rxf5
0-1

[Event "Erfurt - Kreuzberg"]
[Site "BL 0203"]
[Date "2002.10.19"]
[Round "1.8"]
[White "Paehtz, Elisabeth"]
[Black "Muse, Drazen"]
[Result "1/2-1/2"]
[WhiteElo "2349"]
[BlackElo "2442"]
[PlyCount "81"]
[EventDate "2002.??.??"]

1. e4 c5 2. Nf3 Nc6 3. Bb5 d6 4. O-O Bd7 5. Re1 a6 6. Bxc6 Bxc6 7. c3 Nf6 8. d3
e6 9. Nbd2 Be7 10. a3 O-O 11. b4 b5 12. Qe2 Nd7 13. Nb3 Nb6 14. Na5 Rc8 15. Bd2
Ba8 16. c4 Bf6 17. Rab1 Na4 18. Rb3 d5 19. exd5 exd5 20. cxb5 c4 21. dxc4 dxc4
22. Nxc4 Bd5 23. Na5 Bxb3 24. Nxb3 Qd5 25. Nc5 Nxc5 26. bxc5 axb5 27. Bb4 Qc4
28. Qe3 h6 29. Nd2 Qd5 30. Ne4 Bd4 31. Qf3 Rfd8 32. Qg3 Re8 33. Qd6 Qc4 34. Qd7
Bxc5 35. Nf6+ gxf6 36. Rxe8+ Rxe8 37. Qxe8+ Kg7 38. Qe1 Bd4 39. g3 h5 40. h4
Qd3 41. Kg2 1/2-1/2

[Event "Plauen - Neukoelln"]
[Site "BL 0203"]
[Date "2002.10.19"]
[Round "1.1"]
[White "Rogozenko, Dorian"]
[Black "Bischoff, Klaus"]
[Result "1/2-1/2"]
[WhiteElo "2520"]
[BlackElo "2554"]
[PlyCount "65"]
[EventDate "2002.??.??"]

1. d4 e6 2. c4 Bb4+ 3. Bd2 a5 4. Nf3 b6 5. e4 Bb7 6. Bd3 Bxd2+ 7. Qxd2 d6 8.
Nc3 Nd7 9. O-O Ne7 10. g3 O-O 11. Nh4 Nc6 12. Nb5 Ba6 13. Be2 e5 14. dxe5 dxe5
15. Nf3 Qc8 16. Rfd1 Nc5 17. Qd5 Bb7 18. Nxe5 Nb4 19. Qd2 Bxe4 20. Qf4 Nba6 21.
Nd7 Nxd7 22. Qxe4 Re8 23. Qg4 Nac5 24. Bf1 Re4 25. Qg5 Re5 26. Qf4 Ne6 27. Qd2
Nf6 28. Bg2 c6 29. Qd6 Rc5 30. Nd4 Nxd4 31. Rxd4 h6 32. Re1 Ra7 33. Qd8+
1/2-1/2

[Event "Plauen - Neukoelln"]
[Site "BL 0203"]
[Date "2002.10.19"]
[Round "1.3"]
[White "Stohl, Igor Dr"]
[Black "Kindermann, Stefan"]
[Result "0-1"]
[WhiteElo "2547"]
[BlackElo "2519"]
[PlyCount "76"]
[EventDate "2002.??.??"]

1. d4 d5 2. c4 c6 3. Nf3 Nf6 4. Nc3 a6 5. a4 e6 6. Bg5 Be7 7. a5 O-O 8. e3 c5
9. cxd5 exd5 10. dxc5 Nc6 11. Be2 Bxc5 12. O-O Be6 13. Qa4 h6 14. Bh4 Nb4 15.
Nd4 Qe7 16. Rad1 Rad8 17. Bf3 g5 18. Bg3 Bc8 19. Nc2 Bd7 20. Qb3 Be6 21. Nxb4
Bxb4 22. Nxd5 Nxd5 23. Bxd5 Rxd5 24. Rxd5 Bxa5 25. Re5 Rc8 26. Qd3 b5 27. h4
gxh4 28. Bf4 Qf6 29. Qd6 Qg6 30. Qxa6 h3 31. g3 Bb4 32. Kh2 Bf8 33. Qxb5 Rc2
34. Qe8 Qd3 35. Bxh6 Rc8 36. Rxe6 Rxe8 37. Rxe8 Qxf1 38. Rxf8+ Kh7 0-1

[Event "Plauen - Neukoelln"]
[Site "BL 0203"]
[Date "2002.10.19"]
[Round "1.4"]
[White "Gdanski, Jacek"]
[Black "Brynell, Stellan"]
[Result "1-0"]
[WhiteElo "2506"]
[BlackElo "2524"]
[PlyCount "181"]
[EventDate "2002.??.??"]

1. e4 e6 2. d4 d5 3. Nc3 Nf6 4. Bg5 Be7 5. e5 Nfd7 6. Bxe7 Qxe7 7. f4 O-O 8.
Nf3 c5 9. Qd2 Nc6 10. dxc5 Nxc5 11. O-O-O a6 12. Qe3 b5 13. Kb1 b4 14. Ne2 Ne4
15. Ned4 Nxd4 16. Rxd4 Bb7 17. Bd3 Rfd8 18. Ng5 h6 19. Nxe4 dxe4 20. Rxd8+ Rxd8
21. Bxe4 Bxe4 22. Qxe4 Qd7 23. Rc1 Qd4 24. Qxd4 Rxd4 25. g3 g5 26. fxg5 hxg5
27. c3 bxc3 28. Rxc3 Re4 29. Rc5 Kg7 30. Ra5 Kg6 31. a4 Kf5 32. Ka2 g4 33. Rxa6
Kxe5 34. Ka3 Kd5 35. a5 Re2 36. Ra7 f5 37. Rh7 Re1 38. Ka4 Kc6 39. Re7 Kd6 40.
Re8 Kd7 41. Rb8 Kc7 42. Rb3 Re4+ 43. Kb5 Kb7 44. Rd3 Re5+ 45. Ka4 Re2 46. b4
Rxh2 47. Kb5 Rh8 48. Rd7+ Ka8 49. Rf7 Rb8+ 50. Ka4 Re8 51. b5 e5 52. Rxf5 e4
53. Rf2 e3 54. Re2 Kb7 55. Kb4 Re5 56. Kc4 Kc7 57. a6 Kb6 58. Kd3 Rxb5 59. Ra2
Ka7 60. Ra4 Re5 61. Ke2 Re6 62. Rxg4 Kxa6 63. Rb4 Rg6 64. g4 Ka5 65. Re4 Kb5
66. Kxe3 Rg8 67. Kf4 Rf8+ 68. Kg5 Kc6 69. Kh6 Rh8+ 70. Kg6 Kd5 71. Re7 Kd6 72.
Ra7 Rg8+ 73. Rg7 Rh8 74. Kf6 Rh6+ 75. Rg6 Rh1 76. g5 Rg1 77. Rg8 Rf1+ 78. Kg7
Ke7 79. g6 Ra1 80. Rb8 Ra7 81. Rf8 Ra1 82. Rf2 Ke8 83. Kg8 Ke7 84. Kg7 Re1 85.
Kg8 Ke8 86. Rh2 Kd7 87. g7 Re8+ 88. Kf7 Re7+ 89. Kg6 Re6+ 90. Kh7 Re7 91. Kh8
1-0

[Event "Plauen - Neukoelln"]
[Site "BL 0203"]
[Date "2002.10.19"]
[Round "1.6"]
[White "Brendel, Oliver"]
[Black "Polzin, Rainer"]
[Result "1/2-1/2"]
[WhiteElo "2378"]
[BlackElo "2462"]
[PlyCount "134"]
[EventDate "2002.??.??"]

1. e4 g6 2. d4 Bg7 3. Nc3 d6 4. f4 a6 5. Nf3 Nd7 6. a4 e6 7. Be2 Ne7 8. Be3 b6
9. O-O Bb7 10. Bf2 Nf6 11. e5 Ng4 12. Ng5 Nxf2 13. Rxf2 h6 14. Nge4 Nf5 15. Bf3
d5 16. Ng3 Nh4 17. a5 Bf8 18. axb6 cxb6 19. Be2 Be7 20. Bd3 b5 21. Nf1 Qb6 22.
Ne2 h5 23. c3 a5 24. Ne3 Bc6 25. g3 Nf5 26. Nxf5 gxf5 27. b4 h4 28. bxa5 Rxa5
29. Rxa5 Qxa5 30. Rf1 Kd7 31. Qb3 Rb8 32. Rb1 b4 33. Kg2 hxg3 34. hxg3 Rb7 35.
cxb4 Rxb4 36. Qc3 Qb6 37. Re1 Rb3 38. Qc2 Ba3 39. Ra1 Rb2 40. Qc3 Rb3 41. Qc2
Qb4 42. Rb1 Rb2 43. Rxb2 Bxb2 44. Qb1 Ba4 45. Qa2 Ke7 46. Qb1 Kf8 47. Ba6 Qd2
48. Qd3 Qe1 49. Qf3 Qa5 50. Qd3 Qb4 51. Kh3 Qe1 52. Kg2 Bd1 53. Bb5 Bxe2 54.
Qxe2 Qb4 55. Qd3 Bxd4 56. Ba6 Bb6 57. Kh3 Qe4 58. Qf1 Qe3 59. Qe2 Qe4 60. Kh2
Qd4 61. Kh3 Bc5 62. Bb5 Qe4 63. Kh2 Qb4 64. Bd3 Qd4 65. Kh3 Kg7 66. Qh5 Qxd3
67. Qg5+ Kh7 1/2-1/2

[Event "Plauen - Neukoelln"]
[Site "BL 0203"]
[Date "2002.10.19"]
[Round "1.7"]
[White "Borriss, Martin Dr"]
[Black "Dirr, Ulrich"]
[Result "1-0"]
[WhiteElo "2442"]
[BlackElo "2322"]
[PlyCount "63"]
[EventDate "2002.??.??"]

1. e4 e6 2. d4 d5 3. Nc3 Bb4 4. e5 Ne7 5. a3 Bxc3+ 6. bxc3 c5 7. Nf3 b6 8. Bb5+
Bd7 9. Bd3 Ba4 10. dxc5 bxc5 11. O-O h6 12. Re1 Nd7 13. Bf4 Qc7 14. Nd2 Nb6 15.
h4 c4 16. Bf1 Nf5 17. Nf3 O-O-O 18. Rb1 Kb7 19. g3 Ka8 20. Bh3 g5 21. hxg5 hxg5
22. Nxg5 d4 23. cxd4 Nxd4 24. Bg2+ Bc6 25. Ne4 Nd5 26. Bg5 Ne7 27. Bxe7 Qxe7
28. Nd6 Rxd6 29. exd6 Qxd6 30. Re4 e5 31. Rxd4 exd4 32. Qxd4 1-0

[Event "Plauen - Neukoelln"]
[Site "BL 0203"]
[Date "2002.10.19"]
[Round "1.8"]
[White "Sandner, Gunter"]
[Black "Poldauf, Dirk"]
[Result "1-0"]
[WhiteElo "2323"]
[BlackElo "2410"]
[PlyCount "91"]
[EventDate "2002.??.??"]

1. Nf3 Nf6 2. g3 g6 3. Bg2 Bg7 4. d4 O-O 5. O-O d6 6. c4 Nbd7 7. Nc3 e5 8. e4
exd4 9. Nxd4 Re8 10. h3 Nc5 11. Re1 a5 12. Nb3 Nfd7 13. Qc2 Ne5 14. Rd1 Ne6 15.
Nb5 a4 16. N3d4 Nc5 17. Be3 Qe7 18. b4 axb3 19. axb3 Rxa1 20. Rxa1 c6 21. Nc3
Ned3 22. Rb1 Nb4 23. Qd2 Bd7 24. Nde2 f5 25. Rd1 Bc8 26. exf5 Bxf5 27. Qxd6
Qxd6 28. Rxd6 Nxb3 29. g4 Be6 30. Nf4 Bxc4 31. Ne4 Nd5 32. Rd7 Nxe3 33. fxe3 b5
34. Nd6 Rxe3 35. Bxc6 Bd4 36. Kg2 Rc3 37. Nxc4 Rc2+ 38. Kg3 Rc3+ 39. Kg2 Rc2+
40. Kf3 bxc4 41. Bd5+ Kf8 42. Ne6+ Ke8 43. Rxh7 Rc3+ 44. Kf4 Be3+ 45. Ke5 Na5
46. Kd6 1-0

[Event "Solingen - Stuttgart"]
[Site "BL 0203"]
[Date "2002.10.20"]
[Round "2.2"]
[White "Piket, Jeroen"]
[Black "Golubev, Mihail"]
[Result "0-1"]
[WhiteElo "2646"]
[BlackElo "2528"]
[PlyCount "78"]
[EventDate "2002.??.??"]

1. d4 Nf6 2. c4 g6 3. Nc3 Bg7 4. e4 d6 5. f3 O-O 6. Be3 a6 7. Qd2 Nc6 8. Nge2
Re8 9. Rc1 Bd7 10. b3 e6 11. h3 Rb8 12. d5 exd5 13. cxd5 Ne7 14. Bf4 Rc8 15. g4
c6 16. dxc6 Bxc6 17. Qxd6 Qa5 18. b4 Qa3 19. b5 Qa5 20. bxc6 Nxc6 21. Qd2 Nb4
22. Bd6 Rcd8 23. a3 Qxa3 24. e5 Nxg4 25. hxg4 Bxe5 26. Kf2 Rxd6 27. Qh6 Nd3+
28. Kg2 Nxc1 29. Ne4 Nxe2 30. Bxe2 Qa2 31. Qxh7+ Kf8 32. Re1 Rd1 33. Rxd1 Qxe2+
34. Nf2 Bg7 35. Rd7 Qb5 36. Rc7 Qb6 37. Rc2 Qb1 38. Rc7 Qb2 39. Qh4 Kg8 0-1

[Event "Solingen - Stuttgart"]
[Site "BL 0203"]
[Date "2002.10.20"]
[Round "2.6"]
[White "Naumann, Alexander"]
[Black "Duppel, Matthias"]
[Result "1/2-1/2"]
[WhiteElo "2513"]
[BlackElo "2440"]
[PlyCount "49"]
[EventDate "2002.??.??"]

1. d4 d5 2. c4 c6 3. Nf3 Nf6 4. Nc3 e6 5. Bg5 Nbd7 6. cxd5 exd5 7. e3 Be7 8.
Bd3 O-O 9. Qc2 Re8 10. O-O Nf8 11. Rab1 a5 12. a3 Ng6 13. b4 Bd6 14. Bf5 axb4
15. axb4 b5 16. Ne2 Bxf5 17. Qxf5 Qd7 18. Qc2 Ne4 19. Rfc1 Ra6 20. Bf4 Bxf4 21.
Nxf4 Nxf4 22. exf4 f6 23. Ra1 Rea8 24. Rxa6 Rxa6 25. Nd2 1/2-1/2

[Event "Solingen - Stuttgart"]
[Site "BL 0203"]
[Date "2002.10.20"]
[Round "2.7"]
[White "Bunzmann, Dimitri"]
[Black "Sandipan, Chanda"]
[Result "1-0"]
[WhiteElo "2498"]
[BlackElo "2510"]
[PlyCount "119"]
[EventDate "2002.??.??"]

1. d4 d5 2. c4 e6 3. Nc3 c6 4. e4 Bb4 5. exd5 exd5 6. Bd3 Nf6 7. h3 Be6 8. c5
b6 9. cxb6 axb6 10. Nge2 O-O 11. O-O h6 12. Bf4 Qc8 13. Na4 Nbd7 14. Rc1 Qb7
15. Bb1 Be7 16. Nac3 Rfc8 17. Be5 Nf8 18. Ng3 N6d7 19. Bf4 Ng6 20. Be3 Nf6 21.
Nf5 Bf8 22. Qf3 Bxf5 23. Qxf5 Qd7 24. Qxd7 Nxd7 25. a3 Bd6 26. Bf5 Rd8 27. Ne2
Ne7 28. Bb1 b5 29. Ng3 Bxg3 30. fxg3 Nb6 31. Bd2 Nc4 32. Bb4 Rd7 33. Rfe1 Kf8
34. Bf5 Rc7 35. b3 c5 36. Bxc5 Rxc5 37. Rxe7 Rc6 38. Rd7 Ne5 39. Rxc6 Nxc6 40.
Rxd5 Rxa3 41. Bd7 Nb4 42. Rxb5 Nc2 43. d5 Nd4 44. Rb4 Ke7 45. Rxd4 Kxd7 46. Rb4
Kd6 47. Rb7 f5 48. Rxg7 Rxb3 49. g4 f4 50. Rf7 Ke5 51. d6 Rd3 52. d7 Rd4 53.
Kf2 Rd2+ 54. Ke1 Rd4 55. Ke2 Rd6 56. Rh7 Rd4 57. Rxh6 Rxd7 58. Rh5+ Ke4 59. Rh8
Re7 60. Ra8 1-0

[Event "Solingen - Stuttgart"]
[Site "BL 0203"]
[Date "2002.10.20"]
[Round "2.8"]
[White "Hoffmann, Michael"]
[Black "Schmid, Wolfgang"]
[Result "1-0"]
[WhiteElo "2438"]
[BlackElo "2202"]
[PlyCount "97"]
[EventDate "2002.??.??"]

1. d4 f5 2. g3 Nf6 3. Bg2 g6 4. Nf3 Bg7 5. O-O O-O 6. Nbd2 c6 7. Re1 d5 8. c4
Kh8 9. Ne5 Be6 10. Qb3 Qb6 11. Qa3 Re8 12. cxd5 cxd5 13. Ndf3 Nc6 14. Nxc6 bxc6
15. Bf4 Ne4 16. Rac1 Rac8 17. Be3 Qb7 18. Rc2 Nd6 19. b3 Qb6 20. Rec1 Nb5 21.
Qa4 Rc7 22. Bf4 Rcc8 23. e3 Bd7 24. Rc5 Kg8 25. Ne5 Bxe5 26. Bxe5 Ra8 27. b4 a5
28. Qb3 a4 29. Qb2 Nd6 30. Bxd6 exd6 31. R5c3 Kg7 32. a3 Ra7 33. Bf1 Rc8 34.
Bd3 Rcc7 35. Kg2 Bc8 36. Qe2 Bd7 37. Qf3 Qb8 38. Qf4 Rcb7 39. h4 Qf8 40. h5 Qf6
41. hxg6 hxg6 42. Rh1 g5 43. Qf3 g4 44. Qf4 Ra8 45. Rh5 Rf8 46. Rc1 Rf7 47.
Rch1 Kg8 48. Rh6 Qg7 49. Qxd6 1-0